<?xml version="1.0" encoding="UTF-8"?>
<record
    xmlns:xsi="http://www.w3.org/2001/XMLSchema-instance"
    xsi:schemaLocation="http://www.loc.gov/MARC21/slim http://www.loc.gov/standards/marcxml/schema/MARC21slim.xsd"
    xmlns="http://www.loc.gov/MARC21/slim">

  <leader>01949nam a22002297a 4500</leader>
  <controlfield tag="003">OSt</controlfield>
  <controlfield tag="005">20250311133955.0</controlfield>
  <controlfield tag="008">250311b           ||||| |||| 00| 0 spa d</controlfield>
  <datafield tag="020" ind1=" " ind2=" ">
    <subfield code="a">9786287650381</subfield>
  </datafield>
  <datafield tag="040" ind1=" " ind2=" ">
    <subfield code="c">CO-Mq BPB</subfield>
  </datafield>
  <datafield tag="041" ind1=" " ind2=" ">
    <subfield code="a">spa</subfield>
  </datafield>
  <datafield tag="082" ind1=" " ind2=" ">
    <subfield code="a">AC</subfield>
    <subfield code="b">MENc</subfield>
  </datafield>
  <datafield tag="100" ind1=" " ind2=" ">
    <subfield code="a">Mendoza, Mario</subfield>
    <subfield code="d">1964-</subfield>
    <subfield code="e">autor</subfield>
  </datafield>
  <datafield tag="245" ind1=" " ind2=" ">
    <subfield code="a">Cuentos completos</subfield>
  </datafield>
  <datafield tag="264" ind1=" " ind2=" ">
    <subfield code="a">Bogot&#xE1;;</subfield>
    <subfield code="b">Editorial Planeta,</subfield>
    <subfield code="c">2023</subfield>
  </datafield>
  <datafield tag="300" ind1=" " ind2=" ">
    <subfield code="a">325 p&#xE1;ginas;</subfield>
    <subfield code="b">Tapa dura</subfield>
    <subfield code="c">24 cm</subfield>
  </datafield>
  <datafield tag="521" ind1=" " ind2=" ">
    <subfield code="a">Mario Mendoza comenz&#xF3; su carrera literaria como cuentista y por primera vez sus lectores tendr&#xE1;n la oportunidad de tener en un solo volumen todos los textos de este g&#xE9;nero que ha escrito y publicado.Sus primeros cuentos aparecieron reunidos en La traves&#xED;a del vidente, obra con la que gan&#xF3; el Premio Nacional de Literatura en 1995. En el de la odisea del patriarca No&#xE9; que le da t&#xED;tulo al libro, el de las aventuras infernales en Molokai o el que relata la historia del n&#xE1;ufrago Alexander Selkirk, entre otros, resuenan las aventuras marinas narradas por Robert Louis Stevenson, Joseph Conrad y Edgar Allan Poe. Estos cuentos fueron la manera del autor de rendirle ?un homenaje a la literatura del mar, en cuyas p&#xE1;ginas me form&#xE9; como lector, y m&#xE1;s tarde como escritor ne&#xF3;fito?.A&#xF1;os despu&#xE9;s, tras obtener el Premio Biblioteca Breve con la novela Satan&#xE1;s, el escritor bogotano public&#xF3; su segundo libro de cuentos: Una escalera al cielo. Los protagonistas de estos relatos son de nuevo viajeros, pero no de mares, sino de ciudades. Seres extraviados, dispuestos a romper fronteras e intentar escapar de su hado como Felipe, el artista; Acosta, el sapo; Leonardo Sinisterra, el contador; Paul Vildrac, el mago; Ciro Barajas, el sargento; Jean Vesperini, el bailar&#xED;n. Personajes inolvidables de un universo donde la vida se mide por sus propios l&#xED;mites. </subfield>
  </datafield>
  <datafield tag="650" ind1=" " ind2=" ">
    <subfield code="a">Cuentos colombianos</subfield>
  </datafield>
  <datafield tag="650" ind1=" " ind2=" ">
    <subfield code="a">Escritor colombiano</subfield>
  </datafield>
  <datafield tag="650" ind1=" " ind2=" ">
    <subfield code="a">Literatura adulto</subfield>
  </datafield>
  <datafield tag="942" ind1=" " ind2=" ">
    <subfield code="2">ddc</subfield>
    <subfield code="c">BKLIT</subfield>
  </datafield>
  <datafield tag="999" ind1=" " ind2=" ">
    <subfield code="c">15849</subfield>
    <subfield code="d">15849</subfield>
  </datafield>
  <datafield tag="952" ind1=" " ind2=" ">
    <subfield code="0">0</subfield>
    <subfield code="1">0</subfield>
    <subfield code="2">ddc</subfield>
    <subfield code="4">0</subfield>
    <subfield code="7">0</subfield>
    <subfield code="8">LA</subfield>
    <subfield code="a">BPMOS</subfield>
    <subfield code="b">BPMOS</subfield>
    <subfield code="c">FIC</subfield>
    <subfield code="d">2025-03-11</subfield>
    <subfield code="e">Compra 2024</subfield>
    <subfield code="i">NT</subfield>
    <subfield code="l">2</subfield>
    <subfield code="m">1</subfield>
    <subfield code="o">AC MENc</subfield>
    <subfield code="p">MOS504186</subfield>
    <subfield code="r">2025-06-27</subfield>
    <subfield code="s">2025-05-27</subfield>
    <subfield code="t">Ej.1</subfield>
    <subfield code="w">2025-03-11</subfield>
    <subfield code="y">BKLIT</subfield>
    <subfield code="z">Quince dias</subfield>
  </datafield>
  <datafield tag="952" ind1=" " ind2=" ">
    <subfield code="0">0</subfield>
    <subfield code="1">0</subfield>
    <subfield code="2">ddc</subfield>
    <subfield code="4">0</subfield>
    <subfield code="7">0</subfield>
    <subfield code="8">LA</subfield>
    <subfield code="a">BPMOS</subfield>
    <subfield code="b">BPMOS</subfield>
    <subfield code="c">FIC</subfield>
    <subfield code="d">2025-03-11</subfield>
    <subfield code="e">Compra 2024</subfield>
    <subfield code="i">NT</subfield>
    <subfield code="l">3</subfield>
    <subfield code="m">1</subfield>
    <subfield code="o">AC MENc</subfield>
    <subfield code="p">MOS504187</subfield>
    <subfield code="r">2026-06-02</subfield>
    <subfield code="s">2026-05-20</subfield>
    <subfield code="t">Ej.2</subfield>
    <subfield code="w">2025-03-11</subfield>
    <subfield code="y">BKLIT</subfield>
    <subfield code="z">Quince dias</subfield>
  </datafield>
</record>
